Menores Países por População (atualizado) - Statistics

Estatísticas Gerais
  • Esse quiz foi jogado 73 vezes
  • A pontuação média é 11 de 15
Estatísticas das Respostas
Top População País % Correto
1 825 Vaticano
100%
3 12 mil Nauru
85%
4 18 mil Palau
83%
2 11 mil Tuvalu
83%
5 36 mil San Marino
82%
11 79 mil Andorra
77%
6 37 mil Monaco
74%
8 42 mil Ilhas Marshall
73%
7 39 mil Liechtenstein
73%
15 106 mil Tonga
73%
9 48 mil São Cristovão e Nevis
70%
14 104 mil São Vicente e Granadinas
70%
10 72 mil Dominica
59%
12 93 mil Antigua e Barbuda
58%
13 99 mil Seicheles
8%
Nenhum quiz correspondente encontrado
Distribuição das Pontuações
Porcentagem de Pessoas com Cada Pontuação
Percentil de Números Respondidos
Sua Pontuação Histórica
Você não jogou esse quiz